000 00592nam a2200229Ia 4500
003 OSt
005 20220924144539.0
006 a|||||r|||| 00| 0
007 ta
008 220923b |||||||| |||| 00| 0 urd d
024 _a315473
037 _cTextual
040 _aARTS
_cARTS
_burd
041 _2urd
_aurd
082 _aO168,1(RH11):g, P8
100 _aNasheet Syed Yahya
_9217847
245 0 _aUstoori fikr-o-falsafa
260 _c2008
650 _aURDU POETRY
942 _hO168,1(RH11):g, P8
_cTEXL
_2CC
999 _c457399
_d457399